| 000 | 00475nam a2200121Ia 4500 | ||
|---|---|---|---|
| 008 | 220615s9999||||xx |||||||||||||| ||und|| | ||
| 100 | _aPiccioli Resta, Giuseppe||Fai, Sergio||Picciolo, Andrea | ||
| 245 | 0 | _aChapter Drone remote sensing for coastal habitats protection | |
| 546 | _aEnglish[eng] | ||
| 650 | _aRemote sensing||geodatabase||dune cordon||conservation||shoreline||drone | ||
| 856 | _uhttps://library.oapen.org/bitstream/20.500.12657/56080/1/14808.pdf | ||
| 942 | _cEB | ||
| 999 |
_c9515 _d9515 |
||